MARC

LEADER 00000nam0a2200000 4500
001 305833
005 20231102001834.0
035 |a (RuTPU)RU\TPU\book\331108 
090 |a 305833 
100 |a 20150930d1983 m y0rusy50 ca 
101 0 |a rus 
102 |a UA 
105 |a a j 001zy 
200 1 |a Решение нелинейных задач теории оболочек на ЭВМ  |e учебное пособие для вузов  |f Я. М. Григоренко, А. П. Мукоед 
210 |a Киев  |c Вища школа  |d 1983 
215 |a 286 с.  |c ил. 
320 |a Библиогр.: с. 283-286 
606 1 |a Оболочки, теория  |2 stltpush  |3 (RuTPU)RU\TPU\subj\46540  |9 65666 
610 1 |a нелинейные задачи 
610 1 |a решение на ЭВМ 
610 1 |a краевые задачи 
610 1 |a гибкие оболочки 
610 1 |a пластины 
610 1 |a задача Коши 
610 1 |a линеаризация 
610 1 |a вариационные методы 
610 1 |a конечные разности 
610 1 |a метод конечного элемента 
610 1 |a учебные пособия 
675 |a 539.3(075.8)  |v 4 
700 1 |a Григоренко  |b Я. М.  |g Яросла Михайлович 
701 1 |a Мукоед  |b А. П.  |g Анатолий Петрович 
801 1 |a RU  |b 63413507  |c 20150930 
801 2 |a RU  |b 63413507  |c 20190329  |g RCR 
942 |c BK